Insect cell cultures: fundamental and applied aspects
Guardat en:
| Autors principals: | , , , |
|---|---|
| Format: | Llibre |
| Idioma: | anglès |
| Publicat: |
Dordrecht
Kluwer Academic Publishers
1996
|
| Col·lecció: | Current Applications of Cell Culture Engineering, 2
|
| Matèries: | |
| Etiquetes: |
Afegir etiqueta
Sense etiquetes, Sigues el primer a etiquetar aquest registre!
|
MARC
| LEADER | 00000nam a2200000 a 4500 | ||
|---|---|---|---|
| 001 | UCN9244 | ||
| 003 | CL-VaPUC | ||
| 008 | 011130e19960000ne |||||||||||||||||eng|d | ||
| 082 | 0 | 4 | |a 595.7 |b VLA |2 21 |
| 100 | 0 | |a Vlak, J. M |e author |9 465787 | |
| 700 | 0 | |a Gooijer, C. D. de |e author |9 465788 | |
| 700 | 0 | |a Tramper, J |e author |9 465789 | |
| 700 | 0 | |a Miltenburger, H. G |e author |9 465790 | |
| 245 | 1 | 0 | |a Insect cell cultures: fundamental and applied aspects |
| 300 | |a 309 p | ||
| 942 | |c BK | ||
| 945 | |d 20011130 00:00:00 |a cmena | ||
| 260 | |a Dordrecht |b Kluwer Academic Publishers |c 1996 | ||
| 650 | 7 | |a INSECTOS - CITOLOGIA |2 CL-VaPUC |9 465791 | |
| 650 | 0 | |a Investigación científica |9 259857 | |
| 650 | 7 | |a FISIOLOGIA DE LOS INSECTOS |2 CL-VaPUC |9 421421 | |
| 583 | |a last modification |c 20171116 05:48:30 |k Rodrigo Vera | ||
| 490 | 0 | |a Current Applications of Cell Culture Engineering, 2 | |
| 999 | |c 298759 |d 298757 | ||
| 952 | |0 0 |1 0 |4 0 |6 595_700000000000000_VLA_1996 |7 0 |8 A |9 354674 |a BIBING |b BIBING |d 2019-11-21 |i 378049K |o 595.7 VLA 1996 |p 378049K |r 2025-01-20 |w 2019-11-21 |y BK |k EIB | ||